Southville International School and Colleges
Your cart is empty.
  • Cart
  • Lists
    Public lists list_1 View all
    Your lists Log in to create your own lists
  • Log in to your account
  • Your cookies
  • Search history
Southville International School and Colleges
  • Advanced search
  • Recent comments
  • Most popular
  • Libraries

Log in to your account

Log in with GOOGLE


If you do not have an external account, but do have a local account, you can still log in:

  1. Home
  2. MARC view: Illustrated manual of nursing practice/.
Normal view MARC view ISBD view

Illustrated manual of nursing practice/. (Record no. 20688)

[ view plain ]
MARC details
000 -LEADER
fixed length control field 00586nam a2200205 a 4500
005 - DATE AND TIME OF LATEST TRANSACTION
control field 20140310183246.0
008 - FIXED-LENGTH DATA ELEMENTS--GENERAL INFORMATION
fixed length control field 040830s19uu xx 00 eng d
020 ## - INTERNATIONAL STANDARD BOOK NUMBER
International Standard Book Number 0781748879
050 ## - LIBRARY OF CONGRESS CALL NUMBER
Classification number RT 41
Item number .Il44 2002
245 ## - TITLE STATEMENT
Title Illustrated manual of nursing practice/.
250 ## - EDITION STATEMENT
Edition statement 3rd ed.
260 ## - PUBLICATION, DISTRIBUTION, ETC. (IMPRINT)
Place of publication, distribution, etc Philadelphia :
Name of publisher, distributor, etc Lippincott Williams & Wilkins,
Date of publication, distribution, etc 2002.
300 ## - PHYSICAL DESCRIPTION
Extent 1490 p. :
Other physical details ill. ;
Dimensions 26 cm.
500 ## - GENERAL NOTE
General note Includes bibliograhical references & index.
521 ## - TARGET AUDIENCE NOTE
Target audience note
650 ## - SUBJECT ADDED ENTRY--TOPICAL TERM
Topical term or geographic name as entry element Nursing Care.
650 ## - SUBJECT ADDED ENTRY--TOPICAL TERM
Topical term or geographic name as entry element Nursing Practice.
942 ## - ADDED ENTRY ELEMENTS (KOHA)
Koha item type Books
Source of classification or shelving scheme Library of Congress Classification
Call number prefix Local
Holdings
Withdrawn status Lost status Source of classification or shelving scheme Damaged status Home library Current library Shelving location Date acquired Total Checkouts Full call number Barcode Date last seen Copy number Price effective from Koha item type
    Library of Congress Classification   College Library College Library General Circulation Section 01/07/2014   RT 41 .Il44 2002 C5180 05/15/2018 1 01/07/2014 Books

Illustrated manual of nursing practice/.

APA

(2002). Illustrated manual of nursing practice. Philadelphia: Lippincott Williams & Wilkins.

Chicago

2002. Illustrated manual of nursing practice. Philadelphia: Lippincott Williams & Wilkins.

Harvard

(2002). Illustrated manual of nursing practice. Philadelphia: Lippincott Williams & Wilkins.

MLA

Illustrated manual of nursing practice. Philadelphia: Lippincott Williams & Wilkins. 2002.

  • Place hold
  • Print
  • Cite
  • Add to your cart (remove)
  • Save record
    BIBTEX Dublin Core MARCXML MARC (non-Unicode/MARC-8) MARC (Unicode/UTF-8) MARC (Unicode/UTF-8, Standard) MODS (XML) RIS
  • More searches
    Search for this title in:
    Other Libraries (WorldCat) Other Databases (Google Scholar) Online Stores (Bookfinder.com) Open Library (openlibrary.org)

Exporting to Dublin Core...

SOUTHVILLE LIBRARY

Southville International School and Colleges Library

1281 Tropical Ave. Cor. Luxembourg St., BF Homes International, Las Pinas City

Tel. No. 8256374 / 252358 Loc. 117/146

Powered by Koha